| 000 | 00603nam a2200205 a 4500 | ||
|---|---|---|---|
| 005 | 20140310183525.0 | ||
| 008 | 110824s19uu xx 00 eng d | ||
| 020 | _a9780071221870 | ||
| 050 |
_aQD 253.2 _b.D46 2007 |
||
| 100 | _aDenniston, Katherine | ||
| 245 |
_aGeneral, organic, and biochemistry / _cKatherine Denniston; Joseph Topping; Robert Caret. |
||
| 250 | _a7th ed. | ||
| 260 |
_aNew York : _bMcGraw Hill, _c2007. |
||
| 300 |
_a788 p. : _bcol.ill. ; _c27 cm. |
||
| 650 | _aChemistry | ||
| 700 | _aTopping, Joseph | ||
| 700 | _aCaret, Robert | ||
| 942 |
_cBK _2lcc _kFOR |
||
| 999 |
_c24485 _d24485 |
||